000 00703nam a2200253Ia 4500
003 OSt
005 20220928120748.0
006 a|||||r|||| 00| 0
007 ta
008 220927b |||||||| |||| 00| 0 eng d
024 _a27864
037 _cTextual
040 _aSDCL
_cSDCL
_beng
041 _2eng
_aeng
082 _aJ385, N7
100 _aNeuffer M Gerald
_9450974
245 0 _aMutants of maize.
260 _aNew York
_b Cold Spring Harbor Laboratory Press
_c1997
300 _axii,468p.
_ccm.
700 _a Coe Edward
_9450975
700 _a Wessler Susan R
942 _hJ385, N7
_cTEXL
_2CC
999 _c765107
_d765107